| Tag |
First Indicator |
Second Indicator |
Subfields |
| LEADER |
00000pam a2200000 a 4500 |
| 001 |
in00000088163 |
| 005 |
20151008065040.0 |
| 008 |
811203s1982 nyu 00010 eng |
| 010 |
|
|
|a 81043657
|
| 020 |
|
|
|a 0385178530 :
|c $14.95
|
| 035 |
|
|
|a (OCoLC)08033392
|
| 035 |
|
|
|9 AAK5264AM
|
| 039 |
0 |
|
|a 2
|b 3
|c 3
|d 3
|e 3
|
| 040 |
|
|
|a DLC
|c DLC
|d TXA
|d UtOrBLW
|
| 043 |
|
|
|a n-us---
|
| 049 |
|
|
|a TXAM
|c [1272360]
|
| 050 |
0 |
0 |
|a E184.J5
|b S484 1982
|
| 082 |
0 |
|
|a 973/.04924
|2 19
|
| 100 |
1 |
|
|a Shorris, Earl,
|d 1936-2012.
|
| 245 |
1 |
0 |
|a Jews without mercy :
|b a lament /
|c by Earl Shorris.
|
| 250 |
|
|
|a 1st ed.
|
| 264 |
|
1 |
|a Garden City, N.Y. :
|b Anchor Press/Doubleday,
|c 1982.
|
| 300 |
|
|
|a xii, 191 pages ;
|c 22 cm.
|
| 336 |
|
|
|a text
|b txt
|2 rdacontent
|
| 337 |
|
|
|a unmediated
|b n
|2 rdamedia
|
| 338 |
|
|
|a volume
|b nc
|2 rdacarrier
|
| 650 |
|
0 |
|a Jews
|z United States
|x Politics and government.
|
| 650 |
|
0 |
|a Judaism and social problems.
|
| 650 |
|
0 |
|a Right and left (Political science)
|
| 651 |
|
0 |
|a United States
|x Politics and government
|y 1945-1953.
|
| 651 |
|
0 |
|a United States
|x Politics and government
|y 1945-1989.
|
| 999 |
|
|
|a MARS
|
| 999 |
f |
f |
|s 1552dab0-1005-30b7-9f82-f0c9261a5e1c
|i 9e06bab1-4862-31ad-bf4d-f1ae21d38d70
|t 0
|
| 952 |
f |
f |
|p ric
|a Texas A&M University
|b Rellis Campus
|c Joint Library Facility
|d Remote Storage
|t 0
|e E184.J5 S484 1982
|h Library of Congress classification
|i unmediated -- volume
|m A14806105766
|
| 998 |
f |
f |
|a E184.J5 S484 1982
|t 0
|l Remote Storage
|